[Event "Imre Konig mem 2nd"]
[Site "San Fransisco"]
[Date "2007.07.09"]
[Round "?"]
[White "Stein, Alan R"]
[Black "Baburin, Alexander"]
[Result "1/2-1/2"]
[WhiteElo "2412"]
[BlackElo "2559"]
[PlyCount "127"]
[EventDate "2007.07.09"]
[EventType "schev"]
[EventRounds "10"]
[EventCountry "USA"]
[Source "ChessBase"]
[SourceDate "2007.09.04"]

1. e4 Nf6 2. e5 Nd5 3. d4 d6 4. Nf3 dxe5 5. Nxe5 c6 6. Bc4 Nd7 7. Nf3 N7f6 8.
O-O Bg4 9. Be2 e6 10. c4 Nb6 11. b3 a5 12. h3 Bh5 13. Nc3 Bb4 14. Bb2 a4 15.
Rb1 O-O 16. Ne5 Bxe2 17. Qxe2 axb3 18. axb3 Nbd7 19. Rfd1 Qe7 20. Rd3 Rfd8 21.
Bc1 c5 22. Nb5 cxd4 23. Bg5 Nxe5 24. Qxe5 Nd7 25. Qg3 f6 26. Bh6 Kh8 27. Nc7
Ne5 28. Nxa8 gxh6 29. Rdd1 Rxa8 30. Rxd4 Rg8 31. Qf4 Bc5 32. Rdd1 Qg7 33. g3
Qxg3+ 34. Qxg3 Rxg3+ 35. Kh2 Rg8 36. f4 Nf3+ 37. Kh1 e5 38. fxe5 fxe5 39. Rd5
b6 40. b4 Bxb4 41. Rd3 e4 42. Rxf3 exf3 43. Rxb4 f2 44. Rb1 h5 45. Rf1 Rc8 46.
Rxf2 Rxc4 47. Rf6 b5 48. Rf5 b4 49. Rxh5 Kg7 50. Kg2 b3 51. Rb5 Rc2+ 52. Kf3 b2
53. Rb6 h5 54. Kf4 Kf7 55. Kg5 Ke7 56. Kxh5 Kd7 57. h4 Kc7 58. Rb3 Rg2 59. Kh6
Rd2 60. h5 Rd6+ 61. Kg7 Rb6 62. Rxb6 Kxb6 63. h6 b1=Q 64. h7 1/2-1/2

[Event "Imre Konig mem 2nd"]
[Site "San Fransisco"]
[Date "2007.07.11"]
[Round "?"]
[White "Baburin, Alexander"]
[Black "Pruess, David"]
[Result "1-0"]
[WhiteElo "2559"]
[BlackElo "2424"]
[PlyCount "89"]
[EventDate "2007.07.09"]
[EventType "schev"]
[EventRounds "10"]
[EventCountry "USA"]
[Source "ChessBase"]
[SourceDate "2007.09.04"]

1. d4 Nf6 2. c4 e6 3. Nc3 c5 4. d5 exd5 5. cxd5 d6 6. Nf3 g6 7. Nd2 Bg7 8. Nc4
O-O 9. g3 b6 10. a4 Ba6 11. Nb5 Ne8 12. Bf4 Nd7 13. Bg2 g5 14. Bxd6 Bxb5 15.
axb5 Nxd6 16. Nxd6 Bxb2 17. Ra4 Bc3+ 18. Kf1 f5 19. h4 g4 20. e3 Ne5 21. Nc4
Nxc4 22. Rxc4 Qf6 23. d6 Rad8 24. d7 Kh8 25. Bc6 a6 26. Kg2 axb5 27. Bxb5 Ra8
28. Qd5 Rfd8 29. Ra4 Rxa4 30. Bxa4 Kg7 31. h5 Kh6 32. Bc2 Be5 33. Rd1 Kxh5 34.
Rd3 Kg5 35. Qb7 Qe6 36. Rd5 c4 37. e4 fxe4 38. Bxe4 Kf6 39. Bxh7 Ke7 40. Be4
Bxg3 41. Rh5 Bf4 42. Rh7+ Kf6 43. Bd5 Qd6 44. Bxc4 Qd4 45. Qc6+ 1-0

[Event "Imre Konig mem 2nd"]
[Site "San Fransisco"]
[Date "2007.07.12"]
[Round "?"]
[White "Friedel, Joshua E"]
[Black "Baburin, Alexander"]
[Result "1/2-1/2"]
[WhiteElo "2472"]
[BlackElo "2559"]
[PlyCount "65"]
[EventDate "2007.07.09"]
[EventType "schev"]
[EventRounds "10"]
[EventCountry "USA"]
[Source "ChessBase"]
[SourceDate "2007.09.04"]

1. e4 Nf6 2. e5 Nd5 3. d4 d6 4. c4 Nb6 5. exd6 exd6 6. Nc3 Nc6 7. Be2 Be7 8. h3
Bf5 9. a3 Bf6 10. Nf3 h6 11. O-O O-O 12. Re1 Re8 13. Bf4 Be4 14. Nxe4 Rxe4 15.
Be3 d5 16. Qc2 Nxd4 17. Nxd4 Bxd4 18. cxd5 Rxe3 19. fxe3 Bxe3+ 20. Kh1 Qg5 21.
Qe4 Bf4 22. Bd3 g6 23. Qf3 Bd6 24. Re4 Rf8 25. Rf1 Nd7 26. Re8 Ne5 27. Rxf8+
Kxf8 28. Qf2 a5 29. Bb5 Kg7 30. h4 Qe7 31. Be2 h5 32. g3 f6 33. Kg2 1/2-1/2

[Event "Imre Konig mem 2nd"]
[Site "San Fransisco"]
[Date "2007.07.14"]
[Round "?"]
[White "Baburin, Alexander"]
[Black "Stein, Alan R"]
[Result "1/2-1/2"]
[WhiteElo "2559"]
[BlackElo "2412"]
[PlyCount "117"]
[EventDate "2007.07.09"]
[EventType "schev"]
[EventRounds "10"]
[EventCountry "USA"]
[Source "ChessBase"]
[SourceDate "2007.09.04"]

1. d4 Nf6 2. c4 e6 3. Nc3 Bb4 4. e3 O-O 5. Bd3 d5 6. Nf3 dxc4 7. Bxc4 c5 8. O-O
Nbd7 9. Qe2 cxd4 10. exd4 Bxc3 11. bxc3 Qc7 12. Re1 b6 13. Ba3 Re8 14. d5 Nc5
15. Nd4 Bd7 16. Nb5 Qf4 17. g3 Qh6 18. Bxc5 bxc5 19. dxe6 Bxe6 20. Nd6 Bxc4 21.
Qxc4 Rxe1+ 22. Rxe1 Qh5 23. Re7 Qd1+ 24. Kg2 Qd5+ 25. Qxd5 Nxd5 26. Rxf7 Rd8
27. Nb7 Kxf7 28. Nxd8+ Ke7 29. c4 Nb4 30. Nb7 Nxa2 31. Kf3 Nb4 32. Ke4 Na6 33.
f4 Ke6 34. f5+ Kf6 35. h4 h5 36. Kf4 g6 37. fxg6 Kxg6 38. Ke5 Nb4 39. Nxc5 a5
40. Ne6 a4 41. Nf4+ Kh6 42. Kd4 Nc6+ 43. Kc3 a3 44. c5 Na5 45. Ne6 Kg6 46. Nf4+
Kh6 47. Ne6 Kg6 48. Nd4 Kf6 49. Ne2 a2 50. Kb2 Kf5 51. Kxa2 Kg4 52. Nd4 Kxg3
53. Ka3 Nc4+ 54. Kb4 Ne5 55. Nf5+ Kg4 56. Ng7 Nd3+ 57. Kb5 Nxc5 58. Kxc5 Kxh4
59. Nxh5 1/2-1/2

[Event "Imre Konig mem 2nd"]
[Site "San Fransisco"]
[Date "2007.07.15"]
[Round "?"]
[White "Baburin, Alexander"]
[Black "Mezentsev, Vladimir"]
[Result "1-0"]
[WhiteElo "2559"]
[BlackElo "2392"]
[PlyCount "83"]
[EventDate "2007.07.09"]
[EventType "schev"]
[EventRounds "10"]
[EventCountry "USA"]
[Source "ChessBase"]
[SourceDate "2007.09.04"]

1. d4 Nf6 2. c4 e6 3. Nc3 Bb4 4. e3 O-O 5. Bd3 d5 6. Nf3 c5 7. O-O cxd4 8. exd4
dxc4 9. Bxc4 Nbd7 10. Qb3 Be7 11. Re1 Nb6 12. Bd3 Bd7 13. Ne5 Be8 14. Be3 Nfd5
15. Be4 Bf6 16. Nxd5 exd5 17. Bf5 Ba4 18. Qd3 g6 19. Bh3 Bg7 20. Rac1 f5 21. g3
Rc8 22. Rc5 a6 23. Bg2 Bb5 24. Qc3 Qd6 25. Bf4 Na4 26. Rxd5 Nxc3 27. Rxd6 Ne2+
28. Kh1 Nxf4 29. gxf4 Bh6 30. Bxb7 Rc2 31. Kg2 Bxf4 32. Bxa6 Bxe5 33. dxe5 Bc6+
34. Kh3 Bf3 35. Kg3 Bh5 36. e6 f4+ 37. Kg2 Rxb2 38. e7 Re8 39. a4 f3+ 40. Kg3
Rb4 41. Bb5 g5 42. h3 1-0

[Event "Imre Konig mem 2nd"]
[Site "San Fransisco"]
[Date "2007.07.15"]
[Round "?"]
[White "Mezentsev, Vladimir"]
[Black "Fedorowicz, John P"]
[Result "0-1"]
[WhiteElo "2392"]
[BlackElo "2460"]
[PlyCount "40"]
[EventDate "2007.07.09"]
[EventType "schev"]
[EventRounds "10"]
[EventCountry "USA"]
[Source "ChessBase"]
[SourceDate "2007.09.04"]

1. e4 c5 2. Nf3 Nc6 3. Bb5 e6 4. c3 a6 5. Ba4 b5 6. Bc2 Bb7 7. O-O c4 8. d4
cxd3 9. Qxd3 Qc7 10. Rd1 Nf6 11. a4 b4 12. Qe2 Ng4 13. h3 h5 14. Kf1 Nh2+ 15.
Nxh2 Qxh2 16. f4 Bc5 17. Qf3 g5 18. Nd2 g4 19. hxg4 hxg4 20. Qxg4 Qg1+ 0-1

[Event "Imre Konig mem 2nd"]
[Site "San Fransisco"]
[Date "2007.07.15"]
[Round "?"]
[White "Zilberstein, Dmitry"]
[Black "Baburin, Alexander"]
[Result "1/2-1/2"]
[WhiteElo "2410"]
[BlackElo "2559"]
[PlyCount "45"]
[EventDate "2007.07.09"]
[EventType "schev"]
[EventRounds "10"]
[EventCountry "USA"]
[Source "ChessBase"]
[SourceDate "2007.09.04"]

1. e4 Nf6 2. e5 Nd5 3. d4 d6 4. c4 Nb6 5. f4 dxe5 6. fxe5 Nc6 7. Be3 Bf5 8. Nc3
e6 9. Nf3 Be7 10. Be2 O-O 11. O-O f6 12. exf6 Bxf6 13. Qd2 Qe7 14. Rad1 Rad8
15. Qc1 h6 16. Kh1 Kh8 17. h3 Bg6 18. b3 a6 19. Bg1 Rd7 20. Rfe1 Qf7 21. Rf1
Qe7 22. Rfe1 Qf7 23. Rf1 1/2-1/2

[Event "Imre Konig mem 2nd"]
[Site "San Fransisco"]
[Date "2007.07.16"]
[Round "?"]
[White "Baburin, Alexander"]
[Black "Zilberstein, Dmitry"]
[Result "0-1"]
[WhiteElo "2559"]
[BlackElo "2410"]
[PlyCount "72"]
[EventDate "2007.07.09"]
[EventType "schev"]
[EventRounds "10"]
[EventCountry "USA"]
[Source "ChessBase"]
[SourceDate "2007.09.04"]

1. d4 d5 2. c4 e6 3. Nc3 c6 4. Nf3 dxc4 5. a4 Bb4 6. e3 b5 7. Bd2 a5 8. axb5
Bxc3 9. Bxc3 cxb5 10. b3 Bb7 11. bxc4 b4 12. Bb2 Nf6 13. Bd3 Nbd7 14. O-O O-O
15. Qc2 Qc7 16. e4 e5 17. c5 exd4 18. Bxd4 h6 19. Rac1 Bc6 20. e5 Nh5 21. Bh7+
Kh8 22. Qf5 Bxf3 23. Qxf3 Kxh7 24. Qxh5 Ra6 25. Rfe1 Re6 26. f4 f5 27. exf6
Qxf4 28. Qd5 Rxe1+ 29. Rxe1 Nxf6 30. Qe5 Qxe5 31. Bxe5 Rc8 32. Rc1 Rc6 33. Bxf6
gxf6 34. Kf2 b3 35. Ke3 a4 36. Kd4 b2 0-1

[Event "Imre Konig mem 2nd"]
[Site "San Fransisco"]
[Date "2007.07.16"]
[Round "?"]
[White "Mezentsev, Vladimir"]
[Black "Baburin, Alexander"]
[Result "1-0"]
[WhiteElo "2392"]
[BlackElo "2559"]
[PlyCount "87"]
[EventDate "2007.07.09"]
[EventType "schev"]
[EventRounds "10"]
[EventCountry "USA"]
[Source "ChessBase"]
[SourceDate "2007.09.04"]

1. e4 Nf6 2. e5 Nd5 3. d4 d6 4. Nf3 Bg4 5. Be2 e6 6. h3 Bh5 7. O-O Be7 8. c4
Nb6 9. exd6 cxd6 10. b4 O-O 11. Nbd2 Nc6 12. Ba3 a6 13. Rc1 Re8 14. Qb3 Bf6 15.
Bb2 Bg6 16. Rfd1 h6 17. Nf1 d5 18. c5 Nc8 19. Ne3 N8e7 20. a4 Be4 21. Bc3 Ng6
22. Qb2 Nf4 23. b5 axb5 24. axb5 Ne7 25. Ra1 Rxa1 26. Rxa1 Neg6 27. Ra7 Nxe2+
28. Qxe2 Nf4 29. Qd1 Bd3 30. Rxb7 Qa8 31. Rb6 Qa3 32. Ba1 Be2 33. Qb1 Ra8 34.
Kh2 Bd3 35. Qb2 Qa5 36. Rb7 Be4 37. c6 Bxf3 38. c7 Rc8 39. b6 Nd3 40. Qc3 Qa6
41. Rb8 Be7 42. Rxc8+ Qxc8 43. Qxd3 Bd6+ 44. Kg1 1-0

[Event "Imre Konig mem 2nd"]
[Site "San Fransisco"]
[Date "2007.07.17"]
[Round "?"]
[White "Atalik, Ekaterina"]
[Black "Stein, Alan R"]
[Result "1/2-1/2"]
[WhiteElo "2400"]
[BlackElo "2412"]
[PlyCount "103"]
[EventDate "2007.07.09"]
[EventType "schev"]
[EventRounds "10"]
[EventCountry "USA"]
[Source "ChessBase"]
[SourceDate "2007.09.04"]

1. d4 Nf6 2. c4 e6 3. Nf3 c5 4. d5 d6 5. Nc3 exd5 6. cxd5 g6 7. h3 a6 8. a4 Qe7
9. g3 Bg7 10. Bg2 O-O 11. O-O Nbd7 12. Bf4 Rb8 13. Re1 b5 14. axb5 axb5 15. e4
Ne8 16. Qe2 b4 17. Nb5 Rb6 18. Ra7 Ba6 19. Rxa6 Rxa6 20. Nbd4 Nb8 21. Nc6 Rxc6
22. dxc6 Nxc6 23. e5 dxe5 24. Qb5 Qc7 25. Be3 e4 26. Bf4 Qc8 27. Rxe4 Nd4 28.
Nxd4 Bxd4 29. Be5 Nc7 30. Qc4 Ne6 31. Bxd4 Nxd4 32. Re5 Ne6 33. Bd5 Qc7 34. Qe4
Nd4 35. Re8 Qd6 36. Kg2 Rxe8 37. Qxe8+ Qf8 38. Bxf7+ Kg7 39. Qxf8+ Kxf8 40. Bd5
g5 41. f3 h5 42. Kf2 h4 43. gxh4 gxh4 44. Ke3 Ke7 45. Kf4 Kf6 46. Ke4 Nf5 47.
Kf4 Nd6 48. b3 Nb5 49. Bc4 Nd6 50. Bd5 Nb5 51. Bc4 Nd6 52. Bd5 1/2-1/2

[Event "Imre Konig mem 2nd"]
[Site "San Fransisco"]
[Date "2007.07.17"]
[Round "?"]
[White "Atalik, Suat"]
[Black "Mezentsev, Vladimir"]
[Result "1-0"]
[WhiteElo "2564"]
[BlackElo "2392"]
[PlyCount "65"]
[EventDate "2007.07.09"]
[EventType "schev"]
[EventRounds "10"]
[EventCountry "USA"]
[Source "ChessBase"]
[SourceDate "2007.09.04"]

1. d4 d5 2. c4 e6 3. Nc3 Nf6 4. Bg5 Be7 5. e3 h6 6. Bh4 b6 7. cxd5 Nxd5 8. Bxe7
Qxe7 9. Nxd5 exd5 10. Qa4+ Bd7 11. Qb3 O-O 12. Ne2 c5 13. dxc5 bxc5 14. Nf4 Nc6
15. Nxd5 Qd6 16. Rd1 Rab8 17. Qc3 Nd4 18. Bc4 Bc6 19. Nf4 Qf6 20. exd4 Qxf4 21.
O-O cxd4 22. Rxd4 Qf6 23. Rfd1 Rfc8 24. Qg3 Be8 25. b3 Rb6 26. h4 Kf8 27. Qd3
Qg6 28. Qe3 Qf6 29. Rf4 Qe7 30. Re4 Qf6 31. Re1 Qc6 32. Re7 a6 33. Bd5 1-0

[Event "Imre Konig mem 2nd"]
[Site "San Fransisco"]
[Date "2007.07.17"]
[Round "?"]
[White "Pruess, David"]
[Black "Baburin, Alexander"]
[Result "1/2-1/2"]
[WhiteElo "2424"]
[BlackElo "2559"]
[PlyCount "47"]
[EventDate "2007.07.09"]
[EventType "schev"]
[EventRounds "10"]
[EventCountry "USA"]
[Source "ChessBase"]
[SourceDate "2007.09.04"]

1. e4 Nf6 2. e5 Nd5 3. d4 d6 4. c4 Nb6 5. exd6 exd6 6. Nc3 Nc6 7. Be3 Be7 8.
Nf3 O-O 9. d5 Ne5 10. Nxe5 dxe5 11. c5 Nd7 12. d6 cxd6 13. cxd6 Bg5 14. Qd2
Bxe3 15. fxe3 Nf6 16. Be2 Qb6 17. O-O Rd8 18. Rad1 Be6 19. Bd3 Ng4 20. Rf3 f5
21. Bxf5 Bxf5 22. Nd5 Qxd6 23. Rxf5 Qxd5 24. Qxd5+ 1/2-1/2

[Event "Imre Konig mem 2nd"]
[Site "San Fransisco"]
[Date "2007.07.17"]
[Round "?"]
[White "Yermolinsky, Alex"]
[Black "Zilberstein, Dmitry"]
[Result "1/2-1/2"]
[WhiteElo "2517"]
[BlackElo "2410"]
[PlyCount "84"]
[EventDate "2007.07.09"]
[EventType "schev"]
[EventRounds "10"]
[EventCountry "USA"]
[Source "ChessBase"]
[SourceDate "2007.09.04"]

1. d4 Nf6 2. c4 e6 3. Nf3 d5 4. Nc3 Bb4 5. Qa4+ Nc6 6. e3 O-O 7. Bd2 dxc4 8.
Bxc4 Bd6 9. O-O e5 10. h3 a6 11. Qc2 exd4 12. exd4 b5 13. Be2 Nb4 14. Qd1 Bb7
15. a4 bxa4 16. Nxa4 Ne4 17. Bxb4 Bxb4 18. Qc2 Ng5 19. Qb3 Nxf3+ 20. Bxf3 Bxf3
21. Qxf3 Qxd4 22. Rfd1 Qe5 23. Rd5 Qe7 24. Rad1 Rad8 25. b3 Rxd5 26. Qxd5 Re8
27. g3 g6 28. Rd3 Qe6 29. Kg2 Qxd5+ 30. Rxd5 Re2 31. Nc5 a5 32. Nd3 Rc2 33. Rb5
Bd6 34. Rxa5 Rc3 35. Ne5 Rxb3 36. Nc4 Bf8 37. Ra7 c5 38. Ne5 f6 39. Nd7 Be7 40.
Ne5 Bf8 41. Nd7 Be7 42. Ne5 Bf8 1/2-1/2

[Event "Imre Konig mem 2nd"]
[Site "San Fransisco"]
[Date "2007.07.18"]
[Round "?"]
[White "Atalik, Ekaterina"]
[Black "Zilberstein, Dmitry"]
[Result "1-0"]
[WhiteElo "2400"]
[BlackElo "2410"]
[PlyCount "71"]
[EventDate "2007.07.09"]
[EventType "schev"]
[EventRounds "10"]
[EventCountry "USA"]
[Source "ChessBase"]
[SourceDate "2007.09.04"]

1. d4 d5 2. c4 e6 3. Nf3 c6 4. e3 Bd6 5. Bd3 f5 6. O-O Nf6 7. b3 Qe7 8. Bb2 O-O
9. Nbd2 Ne4 10. Ne5 Nd7 11. f3 Ng5 12. Qc2 Nxe5 13. dxe5 Bc7 14. Kh1 Bd7 15. a4
b6 16. b4 Rac8 17. f4 Ne4 18. Bxe4 fxe4 19. Nb3 Qxb4 20. cxd5 cxd5 21. Ba3 Qc4
22. Qxc4 dxc4 23. Bxf8 cxb3 24. Ba3 b5 25. Rfd1 b4 26. Bb2 Be8 27. Rd4 Rd8 28.
Rxb4 Rd3 29. Bd4 Ba5 30. Rb8 Kf8 31. Rb1 Bb6 32. Bxb6 axb6 33. Rxb6 Bxa4 34.
Rb4 b2 35. Rxa4 Rc3 36. Rd4 1-0

[Event "Imre Konig mem 2nd"]
[Site "San Fransisco"]
[Date "2007.07.18"]
[Round "?"]
[White "Atalik, Suat"]
[Black "Zilberstein, Dmitry"]
[Result "1/2-1/2"]
[WhiteElo "2564"]
[BlackElo "2410"]
[PlyCount "83"]
[EventDate "2007.07.09"]
[EventType "schev"]
[EventRounds "10"]
[EventCountry "USA"]
[Source "ChessBase"]
[SourceDate "2007.09.04"]

1. d4 d5 2. c4 e6 3. Nc3 Nf6 4. Nf3 Bb4 5. Bg5 h6 6. Bxf6 Qxf6 7. e3 O-O 8. Be2
dxc4 9. O-O c5 10. Ne4 Qf5 11. Nd6 Qf6 12. a3 cxd4 13. axb4 d3 14. Nxc4 dxe2
15. Qxe2 Na6 16. b5 Nc7 17. b6 axb6 18. Nxb6 Rxa1 19. Rxa1 Qe7 20. Qc4 Qd6 21.
Qd4 Nd5 22. Nxc8 Rxc8 23. e4 Qf4 24. Nd2 Qf6 25. Qxf6 Nxf6 26. f3 Rc2 27. Rd1
Rxb2 28. Nc4 Rc2 29. Rd8+ Kh7 30. Nd6 Rc7 31. h4 g5 32. hxg5 hxg5 33. g4 Kg6
34. Ra8 b6 35. Kf2 b5 36. Rb8 b4 37. Rxb4 Nd7 38. Ke3 Rc6 39. Nb7 Rb6 40. Rxb6
Nxb6 41. Nd6 Nd7 42. Nc4 1/2-1/2

[Event "Imre Konig mem 2nd"]
[Site "San Fransisco"]
[Date "2007.07.18"]
[Round "?"]
[White "Baburin, Alexander"]
[Black "Friedel, Joshua E"]
[Result "1/2-1/2"]
[WhiteElo "2559"]
[BlackElo "2472"]
[PlyCount "110"]
[EventDate "2007.07.09"]
[EventType "schev"]
[EventRounds "10"]
[EventCountry "USA"]
[Source "ChessBase"]
[SourceDate "2007.09.04"]

1. d4 Nf6 2. c4 e6 3. Nc3 Bb4 4. Qc2 O-O 5. Bg5 h6 6. Bh4 c5 7. e3 cxd4 8. exd4
Nc6 9. Nf3 g5 10. Bg3 g4 11. Ne5 Nxd4 12. Qd1 Nf5 13. Nxg4 h5 14. Bc7 Qe7 15.
Nxf6+ Qxf6 16. Bd3 Bxc3+ 17. bxc3 Qxc3+ 18. Kf1 Qf6 19. Kg1 h4 20. Qg4+ Qg7 21.
h3 d6 22. Kh2 Bd7 23. Bxf5 exf5 24. Qxh4 Qe5+ 25. f4 Qc5 26. Rad1 Qxc7 27. Qg5+
Kh7 28. Qh5+ Kg7 29. Qg5+ Kh7 30. Qh5+ Kg7 31. Rd3 Rfe8 32. Rg3+ Kf8 33. Qh8+
Ke7 34. Qh4+ f6 35. Re1+ Kd8 36. Qxf6+ Kc8 37. Rxe8+ Bxe8 38. Rg8 Qd8 39. Qxf5+
Kc7 40. c5 Rc8 41. Qd5 Qf6 42. Rg7+ Kd8 43. Qxd6+ Qxd6 44. cxd6 Rc2 45. a3 Bc6
46. h4 Rf2 47. h5 Rxf4 48. g4 Ke8 49. Kg3 Rf3+ 50. Kh4 Kf8 51. Rc7 Rd3 52. Rc8+
Kf7 53. Rc7+ Kg8 54. Rc8+ Kf7 55. Rc7+ Kg8 1/2-1/2

[Event "Imre Konig mem 2nd"]
[Site "San Fransisco"]
[Date "2007.07.18"]
[Round "?"]
[White "Mezentsev, Vladimir"]
[Black "Atalik, Ekaterina"]
[Result "1-0"]
[WhiteElo "2392"]
[BlackElo "2400"]
[PlyCount "83"]
[EventDate "2007.07.09"]
[EventType "schev"]
[EventRounds "10"]
[EventCountry "USA"]
[Source "ChessBase"]
[SourceDate "2007.09.04"]

1. e4 e5 2. Nf3 Nc6 3. Bc4 Bc5 4. c3 Nf6 5. d3 d6 6. Nbd2 O-O 7. Nf1 a6 8. Bg5
Be6 9. Bb3 Bxb3 10. axb3 Qe7 11. Ng3 Qe6 12. O-O Bb6 13. Nf5 Nd7 14. Nd2 Kh8
15. Nc4 f6 16. Nxb6 Nxb6 17. Be3 Nd7 18. f4 d5 19. fxe5 Ndxe5 20. d4 Ng6 21.
exd5 Qxd5 22. c4 Qe4 23. Qd2 Nce7 24. Ng3 Qg4 25. Rae1 c6 26. Bf2 Rad8 27. Qb4
Qd7 28. Ne4 Nf5 29. Nc5 Qd6 30. Re6 Qf4 31. Re4 Qd6 32. Qxb7 Rb8 33. Qd7 Qxd7
34. Nxd7 Rfe8 35. Nxb8 Rxe4 36. Nxc6 Nf4 37. d5 h5 38. Re1 Nd6 39. Rxe4 Nxe4
40. Be3 Nd3 41. Nb8 Nb4 42. d6 1-0

[Event "Imre Konig mem 2nd"]
[Site "San Fransisco"]
[Date "2007.07.18"]
[Round "?"]
[White "Pruess, David"]
[Black "Atalik, Suat"]
[Result "0-1"]
[WhiteElo "2424"]
[BlackElo "2564"]
[PlyCount "98"]
[EventDate "2007.07.09"]
[EventType "schev"]
[EventRounds "10"]
[EventCountry "USA"]
[Source "ChessBase"]
[SourceDate "2007.09.04"]

1. c4 Nf6 2. Nc3 e5 3. g3 d5 4. cxd5 Nxd5 5. Bg2 Nb6 6. Nf3 Nc6 7. O-O Be7 8.
b3 O-O 9. Bb2 Re8 10. Rc1 Bf8 11. Ne4 f6 12. d4 exd4 13. Nxd4 Nxd4 14. Qxd4
Qxd4 15. Bxd4 c6 16. e3 Ba3 17. Ra1 Nd5 18. Bc5 Bxc5 19. Nxc5 b6 20. Bxd5+ cxd5
21. Nd3 d4 22. exd4 Rd8 23. Nf4 Rxd4 24. Rfd1 Rxd1+ 25. Rxd1 Bg4 26. Rc1 Rd8
27. Kg2 g5 28. h3 Bd1 29. Ne6 Rd6 30. f4 Bxb3 31. Rc8+ Kf7 32. Nxg5+ fxg5 33.
axb3 gxf4 34. Rc7+ Kg6 35. gxf4 a5 36. b4 a4 37. b5 a3 38. Rc6 Rf6 39. Kf3 a2
40. Rc1 Rf7 41. Ra1 Ra7 42. Ke4 Ra5 43. h4 Kf6 44. h5 h6 45. f5 Ke7 46. Kf4 Kf7
47. Ke3 Ra4 48. Kd3 Kf6 49. Kc3 Ra5 0-1

[Event "Imre Konig mem 2nd"]
[Site "San Fransisco"]
[Date "2007.07.18"]
[Round "?"]
[White "Yermolinsky, Alex"]
[Black "Mezentsev, Vladimir"]
[Result "1/2-1/2"]
[WhiteElo "2517"]
[BlackElo "2392"]
[PlyCount "110"]
[EventDate "2007.07.09"]
[EventType "schev"]
[EventRounds "10"]
[EventCountry "USA"]
[Source "ChessBase"]
[SourceDate "2007.09.04"]

1. d4 d5 2. c4 e6 3. Nc3 c6 4. e4 dxe4 5. Nxe4 Bb4+ 6. Bd2 Qxd4 7. Bxb4 Qxe4+
8. Be2 Na6 9. Ba5 b6 10. Bc3 Bb7 11. Nf3 Rd8 12. Nd2 Qxg2 13. Bf3 Qg6 14. Qe2
Nc5 15. Ne4 Ne7 16. Nxc5 bxc5 17. Kf1 Qh6 18. Rg1 Nf5 19. Qe5 Qh3+ 20. Ke2 Nd4+
21. Bxd4 cxd4 22. Rg3 d3+ 23. Ke1 Qh4 24. Qc5 Qd4 25. Bxc6+ Bxc6 26. Qxc6+ Rd7
27. Rd1 d2+ 28. Kf1 O-O 29. Rc3 Rfd8 30. Qf3 Qc5 31. b3 h6 32. Qe3 Qb4 33. h3
Rd4 34. c5 Re4 35. Rxd2 Rxe3 36. Rxd8+ Kh7 37. Rxe3 Qxc5 38. a4 Qc6 39. Rd4 g5
40. Rc4 Qd6 41. Ke2 a5 42. Rd3 Qe5+ 43. Re3 Qb2+ 44. Kf1 Qa3 45. Rc7 Kg6 46.
Rb7 Qc1+ 47. Ke2 Qc2+ 48. Ke1 e5 49. Rb6+ f6 50. Kf1 e4 51. Kg2 h5 52. b4 Qxa4
53. Rxe4 axb4 54. Rexb4 Qa8+ 55. Kg1 Qa1+ 1/2-1/2

[Event "Imre Konig mem 2nd"]
[Site "San Fransisco"]
[Date "2007.07.19"]
[Round "?"]
[White "Friedel, Joshua E"]
[Black "Atalik, Ekaterina"]
[Result "1-0"]
[WhiteElo "2472"]
[BlackElo "2400"]
[PlyCount "61"]
[EventDate "2007.07.09"]
[EventType "schev"]
[EventRounds "10"]
[EventCountry "USA"]
[Source "ChessBase"]
[SourceDate "2007.09.04"]

1. e4 e5 2. Nf3 Nc6 3. Bb5 a6 4. Ba4 Nf6 5. O-O b5 6. Bb3 Be7 7. Re1 O-O 8. c3
d6 9. h3 Nd7 10. d4 Bf6 11. a4 Bb7 12. Na3 b4 13. Nc4 bxc3 14. bxc3 Nb6 15. a5
Nxc4 16. Bxc4 exd4 17. cxd4 Nb4 18. Qb3 c5 19. e5 dxe5 20. dxe5 Be7 21. Rd1 Qc8
22. e6 f6 23. Rd7 Re8 24. Bf4 Qc6 25. Bg3 Rac8 26. Rad1 Kf8 27. Nh4 Rcd8 28. f3
Qc8 29. Qb1 Kg8 30. Nf5 Nc6 31. Bc7 1-0

[Event "Imre Konig mem 2nd"]
[Site "San Fransisco"]
[Date "2007.07.19"]
[Round "?"]
[White "Mezentsev, Vladimir"]
[Black "Atalik, Suat"]
[Result "1/2-1/2"]
[WhiteElo "2392"]
[BlackElo "2564"]
[PlyCount "118"]
[EventDate "2007.07.09"]
[EventType "schev"]
[EventRounds "10"]
[EventCountry "USA"]
[Source "ChessBase"]
[SourceDate "2007.09.04"]

1. e4 e5 2. Nf3 Nc6 3. Bc4 Bc5 4. c3 Nf6 5. d3 d6 6. Bb3 O-O 7. Bg5 Ne7 8. d4
Bb6 9. dxe5 Nxe4 10. Bh4 Bf5 11. O-O Qd7 12. exd6 Ng6 13. dxc7 Qxc7 14. Qd5 Qf4
15. Bg3 Nxg3 16. hxg3 Qxg3 17. Qxf5 Nf4 18. Qg5 Nh3+ 19. Kh1 Qxf3 20. gxf3 Nxg5
21. Nd2 Rad8 22. Rad1 Rfe8 23. Nc4 Bc7 24. Ba4 Rf8 25. Rfe1 h5 26. Re7 Rxd1+
27. Bxd1 Rd8 28. Bb3 Ne6 29. Ne3 Bb6 30. Bxe6 fxe6 31. Rxb7 g5 32. Re7 Bxe3 33.
fxe3 Rd1+ 34. Kg2 Rd2+ 35. Kh3 Rxb2 36. Rxe6 Kg7 37. a4 Rf2 38. Kg3 Rc2 39. f4
h4+ 40. Kg4 Rg2+ 41. Kf5 gxf4 42. exf4 h3 43. Re7+ Kh6 44. Re3 h2 45. Rh3+ Kg7
46. Ke5 Kg6 47. c4 Re2+ 48. Kd5 Kf5 49. Rh4 Rd2+ 50. Kc6 Ke4 51. c5 Kf3 52. Kb7
Kg3 53. Rh6 Rd7+ 54. Kb8 Rf7 55. c6 Rxf4 56. c7 Rb4+ 57. Ka8 Rc4 58. Kb7 Rb4+
59. Ka6 Rc4 1/2-1/2

[Event "Imre Konig mem 2nd"]
[Site "San Fransisco"]
[Date "2007.07.19"]
[Round "?"]
[White "Mezentsev, Vladimir"]
[Black "Yermolinsky, Alex"]
[Result "0-1"]
[WhiteElo "2392"]
[BlackElo "2517"]
[PlyCount "75"]
[EventDate "2007.07.09"]
[EventType "schev"]
[EventRounds "10"]
[EventCountry "USA"]
[Source "ChessBase"]
[SourceDate "2007.09.04"]

1. e4 c5 2. Nf3 d6 3. Bb5+ Nd7 4. d4 Ngf6 5. O-O cxd4 6. Qxd4 g6 7. e5 dxe5 8.
Nxe5 Bg7 9. Rd1 O-O 10. Nxd7 Nxd7 11. Qa4 Nc5 12. Rxd8 Rxd8 13. Qf4 Rd1+ 14.
Bf1 Ne6 15. Qe3 Bd4 16. Qe2 Rxc1 17. c3 Bf6 18. g3 Ng5 19. h4 Re1 20. Qb5 Bh3
21. Nd2 Bxf1 22. Nxf1 Nf3+ 23. Kg2 Nxh4+ 24. gxh4 Rxa1 25. Qxb7 Rd8 26. Qxa7
Bxh4 27. a4 Rdd1 28. Ng3 Bxg3 29. Kxg3 Rg1+ 30. Kf3 Rae1 31. b4 e5 32. b5 g5
33. Qe3 f5 34. Qxe1 Rxe1 35. b6 Rb1 36. a5 Kf7 37. c4 Ke6 38. c5 0-1

[Event "Imre Konig mem 2nd"]
[Site "San Fransisco"]
[Date "2007.07.19"]
[Round "?"]
[White "Zilberstein, Dmitry"]
[Black "Atalik, Suat"]
[Result "0-1"]
[WhiteElo "2410"]
[BlackElo "2564"]
[PlyCount "62"]
[EventDate "2007.07.09"]
[EventType "schev"]
[EventRounds "10"]
[EventCountry "USA"]
[Source "ChessBase"]
[SourceDate "2007.09.04"]

1. d4 d5 2. c4 c6 3. Nf3 Nf6 4. e3 Bf5 5. Nc3 e6 6. Nh4 Be4 7. f3 Bg6 8. Qb3
Qc7 9. cxd5 cxd5 10. Nxg6 hxg6 11. g3 Bd6 12. f4 Nc6 13. Bd2 a6 14. Rc1 g5 15.
Bg2 gxf4 16. gxf4 Ke7 17. Nd1 Rag8 18. Nf2 g5 19. fxg5 Rxg5 20. Bf3 Rf5 21. Ke2
Bxh2 22. Rcf1 Rh4 23. Qa3+ Ke8 24. Nd3 Rxd4 25. exd4 Nxd4+ 26. Kd1 Qc2+ 27. Ke1
Bg3+ 28. Rf2 Nxf3+ 29. Kf1 Nxd2+ 30. Kg2 Rxf2+ 31. Nxf2 Nde4 0-1